Gestación y desarrollo de un sindicato: el caso del SINDEU (1962-1978) /
Spremljeno u:
| Glavni autor: | |
|---|---|
| Daljnji autori: | , |
| Format: | Tekst |
| Izdano: |
San Pedro de M. de O. :
|
| Oznake: |
Dodaj oznaku
Bez oznaka, Budi prvi tko označuje ovaj zapis!
|
MARC
| LEADER | 00000 a a2200000 04500 | ||
|---|---|---|---|
| 001 | 15699 | ||
| 003 | |||
| 040 | |||
| 090 | |a EXTRAVIADO | ||
| 100 | |a Calero J, Mª Cecilia | ||
| 245 | |a Gestación y desarrollo de un sindicato: el caso del SINDEU (1962-1978) / |c Mª Cecilia Calero J. | ||
| 260 | |a San Pedro de M. de O. : | ||
| 300 | |a 68 p. | ||
| 700 | |a Coto M, Xinia | ||
| 700 | |a Chacón A, Isabel | ||
| 999 | |c 16346 |d 16346 | ||
